| 000 | 00494nam a2200193Ia 4500 | ||
|---|---|---|---|
| 003 | OSt | ||
| 005 | 20250510091724.0 | ||
| 008 | 210210b1976 xxu||||| |||| 00| 0 eng d | ||
| 040 | _cAL | ||
| 041 | _aKannada | ||
| 082 | _aK894.3 SHRS | ||
| 100 |
_aSHRINIVASA. _dಶ್ರೀನಿವಾಸ _9209809 |
||
| 245 |
_aSheshamma. _bಶೇಷಮ್ಮ |
||
| 260 |
_aBengaluru _bJivana Karyalaya _c1976 |
||
| 300 | _a156 | ||
| 690 |
_aKannada Fiction _9209810 |
||
| 906 | _a032543 | ||
| 942 |
_2ddc _cBK |
||
| 999 |
_c83669 _d83669 |
||